000 00596nam a2200193 a 4500
001 BRCA_2234
005 20190320203726.0
008 910312s1990 mx-a---##b---#000-0#spa-#
020 _a9686363041
040 _aDLC
_cDLC
_dDLC
050 4 _aNA750
_b.S66 1990
100 1 _aSondereguer, Pedro Conrado
_96719
245 1 0 _aMemoria y utopía en la arquitectura mexicana
_cPedro Conrado Sondereguer.
260 _aMéxico
_bTilde : UAM, Azcapotzalco
_c1990
300 _a101 p.
_bil.
_c26 cm.
504 _aBibliografía: p. 97-101
650 1 4 _aArquitectura
_ySiglo XX
_zMéxico
_9627
942 _2lcc
_cB
999 _c1986
_d1986